000
00298nam a2200109Ia 4500
008
220204s9999 xx 000 0 und d
082
_a
339.5
_b
KEM
100
_a
KEMP, Murray C
245
0
_a
Pure theory of international trade and investment
260
_a
New Delhi
_b
Prentice Hall
_c
1971
942
_c
BK
999
_c
30572
_d
30572